| 000 | 01208nam a2200361Ii 4500 | ||
|---|---|---|---|
| 001 | DIGCERVAN0226 | ||
| 003 | NyNyDIG | ||
| 006 | m o d | ||
| 007 | cr ||||||||||| | ||
| 008 | 250103s2023 ec a o 000 0 spa d | ||
| 035 | _a(OCoLC)1440201438 | ||
| 040 |
_aDGITA _beng _erda _epn _cDGITA |
||
| 020 |
_a9791222430249 _qeBook |
||
| 050 | 1 | 4 | _aQA276.12 ebook |
| 082 | 0 | 4 |
_a519.5 _223 |
| 100 | 1 |
_aIllowsky, Barbara, _eauthor. |
|
| 245 | 1 | 0 |
_aIntroducción a la estadística / _cBarbara Illowsky [and 15 others]. |
| 264 | 1 |
_a[Quito, Ecuador] : _bCervantes Digital, _c[2023] |
|
| 300 |
_a1 online resource : _billustrations. |
||
| 336 |
_atext _btxt _2rdacontent |
||
| 337 |
_acomputer _bc _2rdamedia |
||
| 338 |
_aonline resource _bcr _2rdacarrier |
||
| 347 |
_atext file _2rdaft |
||
| 347 | _bEPUB | ||
| 347 | _bEPDF | ||
| 588 | 0 | _aOnline resource; title from ePub title page (Digitalia, viewed January 3, 2025) | |
| 650 | 0 | _aStatistics. | |
| 791 | 2 |
_aDigitalia (Firm), _edistributor. |
|
| 793 | 0 |
_gDigitalia eBook Collection: _aCervantes Digital |
|
| 856 | 4 | 0 |
_3Digitalia Hispánica _uhttps://www.digitaliapublishing.com/a/129369/ |
| 910 | _aPremium collection: 2025 | ||
| 942 | _cRAA | ||
| 999 |
_c280265 _d280265 |
||